000 01452nam a2200217Ia 4500
999 _c36601
_d36601
001 2520
003 GE_BSU
005 20210302142927.0
008 181216s2006||||ge |||||||||||||| ||geo||
040 _cGE_BSU
041 _ageo
080 _a616.89(075.8) ფ–96
245 _a ფსიქიატრიული ცნობარი მართლმადიდებელი მოძღვრებისა და სასულიერო აკადემიის სტუდენტებისათვის = Psychiatric Handbook for Orthodox Priests and Students of Theological Academy /
_c[მალხაზ ჩუგოშვილი, მარინა კურატაშვილი, ზურაბ ქუთათელაძე და სხვ.] ; წმ. გაბრიელ ეპისკოპოსის (ქიქოძე) სახ. ფსიქოლ. დახმარების ცენტრი.
264 _aთბილისი :
_bხარება,
_c2006.
300 _a248 გვ.
_b20სმ.
653 _aფსიქიატრიული ცნობარი.
700 _aჩუგოშვილი, მალხაზ
_eავტორი
_910304
700 _aკურატაშვილი, მარინა
_eავტორი
_910305
700 _aქუთათელაძე, ზურაბ და სხვ.
_eავტორი
_910306
942 _cBK
_2udc